00376nam a2200121 i 4500001000300000100002300003245005300026260002100079040000800100041000800108008004100116856009700157bg1 aKRZYŻANOWSKI, J. 0aDzieje literatury polskiej /cJ. Krzyżanowski. aWarszawa,c1970. cBPK apol s pl f |000 0 pol  uhttp://koha.tu.koszalin.pl/cgi-bin/koha/opac-detail.pl?biblionumber=8757yKatalog online BPK